<?xml version="1.0" encoding="UTF-8"?>
<record
    xmlns:xsi="http://www.w3.org/2001/XMLSchema-instance"
    xsi:schemaLocation="http://www.loc.gov/MARC21/slim http://www.loc.gov/standards/marcxml/schema/MARC21slim.xsd"
    xmlns="http://www.loc.gov/MARC21/slim">

  <leader>01254    a2200193   4500</leader>
  <controlfield tag="001">30942</controlfield>
  <controlfield tag="005">20260407155618.0</controlfield>
  <controlfield tag="008">260407a1971    arg                 spa d</controlfield>
  <controlfield tag="003">AR-UNSa-BCEJYS</controlfield>
  <datafield tag="040" ind1=" " ind2=" ">
    <subfield code="a">AR-UNSa-BCEJYS</subfield>
    <subfield code="b">spa</subfield>
    <subfield code="c">AR-UNSa-BCEJYS</subfield>
  </datafield>
  <datafield tag="080" ind1=" " ind2=" ">
    <subfield code="a">657.1</subfield>
    <subfield code="x">Tenedur&#xED;a de libros. Sistemas. Procedimientos (Operaciones bancarias)</subfield>
  </datafield>
  <datafield tag="245" ind1="1" ind2="0">
    <subfield code="a">Los bancos comerciales</subfield>
  </datafield>
  <datafield tag="264" ind1=" " ind2="1">
    <subfield code="a">Buenos Aires :</subfield>
    <subfield code="b">Plus Ultra</subfield>
    <subfield code="c">1971</subfield>
  </datafield>
  <datafield tag="300" ind1=" " ind2=" ">
    <subfield code="a">124 p.</subfield>
    <subfield code="c">20 cm.</subfield>
  </datafield>
  <datafield tag="505" ind1=" " ind2=" ">
    <subfield code="a">Parte I: Reglamentaci&#xF3;n general: 1. Evoluci&#xF3;n de la legislaci&#xF3;n bancaria Argentina - 2. Autorizaci&#xF3;n y condiciones para funcionar - 3. Caracter&#xED;sticas operativas de los bancos comerciales - 4. El mantenimiento de una liquidez adecuada - 5. Disposiciones en resguardo de la solvencia - 6. Desarrollo de una sana competencia - 7. El secreto de las operaciones e informaciones - 8. El controlador de las entidades -- Parte II: Reglamentaci&#xF3;n crediticia: 1. M&#xE9;todos de regulaci&#xF3;n y orientaci&#xF3;n crediticia - 2. El cr&#xE9;dito en apoyo del crecimiento de la actividad productiva - 3. Normas tendientes a modificar la estructura de las carteras de cr&#xE9;ditos - 4. El destino de los pr&#xE9;stamos   </subfield>
  </datafield>
  <datafield tag="942" ind1=" " ind2=" ">
    <subfield code="c">BK</subfield>
  </datafield>
  <datafield tag="590" ind1=" " ind2=" ">
    <subfield code="a">niveau_biblio:m niveau_hierar:0</subfield>
  </datafield>
  <datafield tag="100" ind1="1" ind2=" ">
    <subfield code="a">Micele, Antonio</subfield>
  </datafield>
  <datafield tag="999" ind1=" " ind2=" ">
    <subfield code="c">2147</subfield>
    <subfield code="d">2147</subfield>
  </datafield>
  <datafield tag="952" ind1=" " ind2=" ">
    <subfield code="0">0</subfield>
    <subfield code="1">0</subfield>
    <subfield code="4">0</subfield>
    <subfield code="7">0</subfield>
    <subfield code="a">BCEJYS</subfield>
    <subfield code="b">BCEJYS</subfield>
    <subfield code="c">16</subfield>
    <subfield code="d">2026-04-07</subfield>
    <subfield code="l">0</subfield>
    <subfield code="o">657.1 M619b</subfield>
    <subfield code="p">L23947</subfield>
    <subfield code="r">2026-04-07 15:56:18</subfield>
    <subfield code="w">2026-04-07</subfield>
    <subfield code="y">L</subfield>
  </datafield>
</record>
